000
00329nam a22001457a 4500
008
210311b ||||| |||| 00| 0 eng d
020
_a
9780871209993
041
_a
eng
080
_a
37
082
_a
37
100
_a
46
101
_a
EDU
245
_a
Getting Results with Curriculum Mapping
_c
Jacobs, H. H
942
_2
udc
_c
BK
999
_c
56446
_d
56446